00665nam a2200241 a 4500001001300000003000900013005001700022008004100039020000800080082001500088100002000103245004100123260003200164300000900196500003500205505001000240650001600250700002000266902000800286942000700294952011100301999001100412nice12345678IN_TiNIC20260116011256.0050524s1962 bosa grp 000 0 eng  ac000a270.6bBAI aBainton, Roland aReformation of the Sixteenth Century aBostonbBeacon Press c1962 a278p aincludes index and biblioraphy2 aIndex aReformation1 aBainton, Roland bSRS cBK 001040708StackRoom-aHMIbHMId2005-05-24g0.00l0o270.6 BAIp02264r2005-05-24v0.00w2005-05-24yBK c93d93